000
00286nam a2200109Ia 4500
008
190914s9999||||xx |||||||||||||| ||und||
100
_a
Jay L.Devore
245
0
_a
Probability and Statistics for Engineers ans Sciences
260
_a
Canada
_b
Duxbury
_c
1997
300
_a
249
942
_c
BK
999
_c
8632
_d
8632